01185 2200397 4500001002100000005001500021035002000036007000300056008004100059020002200100040002200122082001400144084001600158090002000174090002200194100002600216245006000242250003200302250002800334300005500362650002900417650002600446850001200472504003300484264003400517264003400551336002100585337003000606338002300636999002200659990002200681990002000703990002200723990002200745990002000767INLIS00000000084615420210929034107 a0010-0419001013ta190418s2015 yoia gr ind d a978-602-1384-31-2 aYOPDYOGbinderda04223a371.4 a371.4 EKO m aDEP 371.4 EKO m aCB-D.11 2015-28360 aEko Periantoepenulis10aManajemen bimbingan dan konseling /coleh, Eko Perianto aCetakan kedua, Oktober 2015 aCetakan I: Oktober 2014 avi, 173 halaman :bdiagram, gambar, tabel ;c21 cm 4aBimbingan dan penyuluhan 4aPendidikan, konseling aYOPDYOG aBibliografi: halaman 125-12831aYogyakarta :bSmart WR,c201531aYogyakarta :bSmart WR,c2014 2rdacontentateks 2rdamediaatanpa perantara 2rdacarrieravolume aCB-D.11/2015-2836 aCB-D.11/2015-2836 a65998-PD/A.2020 aCB-D.11/2014-2697 aCB-D.11/2015-2836 a65998-PD/A.2020